000 00402nam a2200109Ia 4500
008 171204s9999 xx 000 0 und d
245 _aHydrocarbon and Lipid Microbiology Protocols: Ultrastructure and Imaging:
245 _cBalbina Nogales, Kenneth N. Timmis, and Terry J. McGenity
260 _c2016
650 _xMicrobiology & Parasitology
856 _uhttp://down.ebook777.com/042/9783662491324.pdf
999 _c346392
_d346392